000 00356nam a22001217a 4500
008 230623b xxu||||| |||| 00| 0 eng d
082 _a330.9676
_bZWA 1975
100 _cR. M. A. Van Zwanenberg with Anne King
245 _aAn Economic History of Kenya and Uganda 1800-1970
260 _bThe Macmillan Press Ltd
_c1975
300 _aXV,326p
942 _2ddc
_cBK
999 _c2474
_d2474